000 01456cam a2200445 4500
003 PE-LiUPU
005 20250731173016.0
020 _a1573121576
035 _a(Sirsi) i9781573121576
035 _a(Sirsi) 23953
035 _a(Sirsi) 23953
041 _aen
044 _aus
082 0 4 _a262.0017
_bH19
100 1 _aHammett, Edwuard H.
245 _aMaking the church wor :
_bconverting the church for the 21st century /
_cEdward H. Hammett.
264 1 _aMacon, Georgia :
_bSmyth and Helwys Publishing, Inc.,
_c1997
300 _a113 páginas ;
_c23 cm.
504 _aIncluye bibliografía
505 0 _aIs the church working? -- Why the church isn't working -- Making the church of today work -- Making the church of tomorrow work -- Converting the curch for the 21st century.
526 _aSEG42
526 _aSEG41
526 _aSEG40
526 _aSEG39
526 _aP94
526 _aP87
526 _aP86
526 _aP85
526 _aP77
526 _aP76
526 _aP35
650 1 4 _aRenovación de la Iglesia
650 1 4 _aCristianismo
_xPredicción
942 _2ddc
_cBOOK
949 _a262.0017 H19
_i47315
_lPOSTGRADO
_mBUL
_tLIBRO
_o.STAFF. Posgrado
910 _aaj-op
596 _a1
999 _a262.0017 H19
_wDEWEY
_c23865
_i47315
_f2021-11-10
_g5
_lCCODEBUL1
_mBUL
_r0
_sY
_tBOOK
_u2015-6-24
_xTEOLOGIA
_PP35
_0COMPRA
_o.STAFF. Colección General
_d23865
980 _81
_gALBERTO SANCHEZ Responsable de Automatización